Name the Johto Pokémon in Order - Statistics

General Stats
  • This quiz has been taken 223 times
  • The average score is 76 of 100
Answer Stats
Number Pokémon % Correct
#152 Chikorita
100%
#153 Bayleef
99%
#154 Meganium
99%
#159 Croconaw
96%
#155 Cyndaquil
96%
#160 Feraligatr
96%
#156 Quilava
96%
#158 Totodile
96%
#157 Typhlosion
96%
#162 Furret
95%
#161 Sentret
95%
#167 Spinarak
95%
#163 Hoothoot
94%
#166 Ledian
94%
#165 Ledyba
94%
#164 Noctowl
94%
#168 Ariados
93%
#169 Crobat
85%
#170 Chinchou
84%
#171 Lanturn
84%
#181 Ampharos
83%
#173 Cleffa
83%
#180 Flaaffy
83%
#174 Igglybuff
83%
#179 Mareep
83%
#172 Pichu
83%
#175 Togepi
83%
#177 Natu
81%
#176 Togetic
81%
#178 Xatu
81%
#184 Azumarill
78%
#182 Bellossom
78%
#187 Hoppip
78%
#189 Jumpluff
78%
#183 Marill
78%
#188 Skiploom
78%
#185 Sudowoodo
76%
#250 Ho-Oh
75%
#249 Lugia
75%
#200 Misdreavus
75%
#186 Politoed
75%
#193 Yanma
75%
#251 Celebi
74%
#244 Entei
74%
#196 Espeon
74%
#246 Larvitar
74%
#198 Murkrow
74%
#247 Pupitar
74%
#195 Quagsire
74%
#243 Raikou
74%
#245 Suicune
74%
#248 Tyranitar
74%
#197 Umbreon
74%
#194 Wooper
74%
#190 Aipom
73%
#199 Slowking
73%
#192 Sunflora
73%
#191 Sunkern
73%
#201 Unown
71%
#207 Gligar
70%
#208 Steelix
70%
#202 Wobbuffet
70%
#242 Blissey
69%
#205 Forretress
69%
#203 Girafarig
69%
#210 Granbull
69%
#230 Kingdra
69%
#221 Piloswine
69%
#204 Pineco
69%
#212 Scizor
69%
#209 Snubbull
69%
#220 Swinub
69%
#206 Dunsparce
68%
#239 Elekid
68%
#237 Hitmontop
68%
#229 Houndoom
68%
#228 Houndour
68%
#240 Magby
68%
#219 Magcargo
68%
#213 Shuckle
68%
#218 Slugma
68%
#216 Teddiursa
68%
#236 Tyrogue
68%
#217 Ursaring
68%
#222 Corsola
66%
#225 Delibird
66%
#226 Mantine
66%
#241 Miltank
66%
#224 Octillery
66%
#233 Porygon2
66%
#211 Qwilfish
66%
#223 Remoraid
66%
#238 Smoochum
66%
#215 Sneasel
66%
#232 Donphan
65%
#214 Heracross
65%
#231 Phanpy
65%
#227 Skarmory
64%
#235 Smeargle
64%
#234 Stantler
64%
No matching quizzes found
Score Distribution
Percent of People with Each Score
Percentile by Number Answered
Your Score History
You have not taken this quiz